Library Banner

Islam-o-mushkalaat ul hazarah = الاسلام و مشکلات الحضارۃ / (Record no. 98145)

MARC details
000 -LEADER
fixed length control field 00453nam a22001457a 4500
005 - DATE AND TIME OF LATEST TRANSACTION
control field 20180312113349.0
008 - FIXED-LENGTH DATA ELEMENTS--GENERAL INFORMATION
fixed length control field 170914b xxu||||| |||| 00| 0 eng d
040 ## - CATALOGING SOURCE
Transcribing agency PK-LaUMT
082 ## - DEWEY DECIMAL CLASSIFICATION NUMBER
Classification number ZIAC 297
Item number QUT-I
100 ## - MAIN ENTRY--PERSONAL NAME
Personal name Qutab, Sayyid = قطب، سید
245 ## - TITLE STATEMENT
Title Islam-o-mushkalaat ul hazarah = الاسلام و مشکلات الحضارۃ /
Statement of responsibility, etc Sayyid Qutab = سید قطب
260 ## - PUBLICATION, DISTRIBUTION, ETC. (IMPRINT)
Place of publication, distribution, etc Qahrah:
Name of publisher, distributor, etc Darulsharooq,
Date of publication, distribution, etc NY
300 ## - PHYSICAL DESCRIPTION
Extent 193 p.
942 ## - ADDED ENTRY ELEMENTS (KOHA)
Koha item type Books
Holdings
Withdrawn status Lost status Damaged status Home library Current library Date acquired Full call number Barcode Date last seen Price effective from Koha item type
      UMT Main Campus UMT Main Campus 2017-09-14 ZIAC 297 QUT-I 109447 2017-09-14 2017-09-14 Books